| 000 | 01787nam0a2200385 4500 | ||
|---|---|---|---|
| 001 | RU\NLR\bibl\1518815 | ||
| 005 | 20260407063736.0 | ||
| 010 | _a978-5-484-01222-0 | ||
| 021 |
_aRU _b2010-31192 _92089 |
||
| 035 | _a(nilc)RSL-KNO-004636789 | ||
| 035 | _a(NLR Aleph) 001510185 | ||
| 090 |
_a75528 _c75528 |
||
| 100 | _a20100427d2010 |||y0rusy50 ca | ||
| 101 | 0 | _arus | |
| 102 | _aRU | ||
| 105 | _ay zzzz||||| | ||
| 200 | 1 |
_a"Гражданская война во Франции" К. Маркса и современность _fВ. В. Павловский |
|
| 210 |
_aМосква _cURSS _cКомКнига _d2010 |
||
| 215 |
_a79 с. _d22 |
||
| 225 | 1 | _aРазмышляя о марксизме | |
| 500 | 1 | 0 |
_6z01702 _aГражданская война во Франции |
| 600 | 0 |
_aМаркс _bК. _f1818-1883 _gКарл _2nav |
|
| 600 | 1 |
_aМаркс _bК. _f1818 - 1883 _gКарл _xИсторические взгляды _92255145 _3RU\NLR\auth\661352477 |
|
| 610 | 0 | _aМарксизм-ленинизм -- Жизнь и деятельность К. Маркса, Ф. Энгельса, В. И. Ленина -- Жизнь и деятельность К. Маркса -- К. Маркс - основоположник марксизма -- К. Маркс - основоположник экономического учения марксизма | |
| 686 |
_aА333,0 _2rubbk |
||
| 686 |
_aА337 _bТ |
||
| 686 | _aА136 | ||
| 700 | 1 |
_aПавловский _bВ. В. _gВалерий Владимирович _4070 |
|
| 702 | 1 |
_4070 _7ca _8rus _aМаркс _bК. _f1818-1883 _gКарл _9123526 _3RU\NLR\auth\7713844 |
|
| 801 | 0 |
_aRU _bРГБ _c20100427 _grcr |
|
| 801 | 1 |
_aRU _bРГБ _c20100427 |
|
| 801 | 2 |
_aRU _bNLR _c20100602 _grcr |
|
| 942 | _cBOOK | ||
| 980 | _aNB | ||